Normal view MARC view
  • López Zárate, Romualdo

Entry Nombre Personal

Number of records used in: 19

001 - NUMERO DE CONTROL

  • campo de control: 31610

003 - IDENTIFICADOR DE NUMERO DE CONTROL

  • campo de control: DLC

005 - FECHA Y HORA DE LA ÜLTIMA TRANSACCIÓN

  • campo de control: 20220919135859.0

008 - DATOS DE LONGITUD FIJA

  • campo de control de longitud fija: 220919n| acannaabn |a aaa

010 ## - NÚMERO DE CONTROL DE LA BIBLIOTECA DEL CONGRESO

  • Número de control LC: n 88607905

035 ## - NUMERO DE CONTROL

  • Número de control: (OCoLC)oca02195604

040 ## - FUENTE DE CATALOGACIÓN

  • Agencia original de catalogación: DLC
  • Lenguaje de catalogación: spa
  • Agencia de transcripción: DLC
  • Agencia que lo modifica: DLC
  • Agencia que lo modifica: OCoLC
  • Agencia que lo modifica: MX-MxUPN

100 1# - ENCABEZAMIENTO - NOMBRE PERSONAL

  • Nombre personal: López Zárate, Romualdo

400 1# - VEÁSE - NOMBRE DE PERSONA

  • Personal name: Zárate, Romualdo López

670 ## - FUENTE EN LA QUE SE LOCALIZARON DATOS

  • Cita de la fuente: nuc88-12382: Author's Notas sobre técnicas de recolección de datos, 1982
  • Información localizada: (hdg. on PPiU rept.: López Zárate, Romualdo; usage: Romualdo López Zárate)

670 ## - FUENTE EN LA QUE SE LOCALIZARON DATOS

  • Cita de la fuente: Retos de la educación media superior y superio, 1996:
  • Información localizada: (Romualdo López Zárate)

902 ## - CATALOGADOR

  • Catalogador: NDAF/190922